Tornado! : (Record no. 3375)

MARC details
000 -LEADER
fixed length control field 01026cam a2200277 a 4500
005 - DATE AND TIME OF LATEST TRANSACTION
control field 20240229145139.0
020 ## - INTERNATIONAL STANDARD BOOK NUMBER
International Standard Book Number 9780545569965
040 ## - CATALOGING SOURCE
Original cataloging agency DLC
Transcribing agency DLC
Description conventions rda
Modifying agency IG#
-- BTCTA
-- MLY
-- EHH
-- DLC
Language of cataloging eng
050 00 - LIBRARY OF CONGRESS CALL NUMBER
Classification number QC955.F77
Item number 2011
082 00 - DEWEY DECIMAL CLASSIFICATION NUMBER
Classification number 551.55
100 1# - MAIN ENTRY--PERSONAL NAME
Personal name Fradin, Judith Bloom
245 10 - TITLE STATEMENT
Title Tornado! :
Remainder of title the story behind these twisting, turning, spinning, and spiraling storms /
Statement of responsibility, etc. by Judith Bloom Fradin & Dennis Brindell Fradin.
260 ## - PUBLICATION, DISTRIBUTION, ETC.
Place of publication, distribution, etc. New York :
Name of publisher, distributor, etc. Scholastic ,
Date of publication, distribution, etc. 2011
300 ## - PHYSICAL DESCRIPTION
Extent 63 pages :
Other physical details color illustrations ;
Dimensions 26 cm.
490 ## - SERIES STATEMENT
Series statement National Geographic Kids
505 0# - FORMATTED CONTENTS NOTE
Formatted contents note Z <br/>
520 ## - SUMMARY, ETC.
Summary, etc. Contains first-hand accounts of tornadoes in the United States, explains why and how tornadoes happen, and discusses ways to stay safe.
521 ## - TARGET AUDIENCE NOTE
Target audience note 1120 <br/>
Source Lexile <br/>
521 ## - TARGET AUDIENCE NOTE
Target audience note Z <br/>
Source Raz-Plus <br/>
650 #0 - SUBJECT ADDED ENTRY--TOPICAL TERM
Topical term or geographic name entry element Tornadoes
Form subdivision Juvenile Literature
650 #1 - SUBJECT ADDED ENTRY--TOPICAL TERM
Topical term or geographic name entry element Tornadoes
700 1# - ADDED ENTRY--PERSONAL NAME
Personal name Fradin, Dennis Brindell
906 ## - LOCAL DATA ELEMENT F, LDF (RLIN)
a 7
b cbc
c orignew
d 1
e ecip
f 20
g y-gencatlg
942 ## - ADDED ENTRY ELEMENTS (KOHA)
Source of classification or shelving scheme Dewey Decimal Classification
Koha item type Books
Suppress in OPAC No
999 ## -
-- 3375
-- 3375
Holdings
Withdrawn status Lost status Source of classification or shelving scheme Damaged status Not for loan Collection Home library Current library Shelving location Date acquired Total Checkouts Full call number Barcode Date last seen Copy number Price effective from Koha item type
    Dewey Decimal Classification     Non-Fiction Footprints International School Library Network Toul Kork Campus Footprints International School Library Network Toul Kork Campus TTP Secondary Non-Fiction Bookshelves 02/29/2024   FRA 551.55 QC955.F77 FISTK04921 02/29/2024 1 02/29/2024 Books
    Dewey Decimal Classification     Non-Fiction Footprints International School Library Network Toul Kork Campus Footprints International School Library Network Toul Kork Campus TTP Secondary Non-Fiction Bookshelves 02/29/2024   FRA 551.55 QC955.F77 FISSE00962 10/23/2024 2 02/29/2024 Books